EA Sports FC 26 Players with a 90+ Rating - Statistics

General Stats
  • This quiz has been taken 6,050 times
    945 since last reset
  • The average score is 7 of 7
Answer Stats
# Player Club Nation OVR Position % Correct
7 Erling Haaland 90 ST
99%
2 Kylian Mbappé 91 ST
99%
1 Mohamed Salah 91 RM
99%
3 Ousmane Dembélé 90 ST
98%
4 Rodri 90 CDM
98%
5 Virgil van Dijk 90 CB
98%
6 Jude Bellingham 90 CAM
96%
No matching quizzes found
Score Distribution
Percent of People with Each Score
Percentile by Number Answered
Your Score History
You have not taken this quiz since the last reset